| 000 | 00535nam a2200169 4500 | ||
|---|---|---|---|
| 008 | 020116s1987 oxe engta | ||
| 020 | _a0192139649 | ||
| 090 |
_aBX955.2 _bK29o |
||
| 100 | 1 | _aKelly, John Norman Davidson | |
| 245 | 1 | 0 |
_aThe Oxford dictionary of hope / _cJohn Norman Davidson Kelly. |
| 250 | _arep. | ||
| 260 |
_aOxford : _bOxford University Press, _cc1987, _c1986. |
||
| 300 | _a347 p. | ||
| 650 | 4 |
_aPopes _xBiography _xDictionaries. |
|
| 950 | 0 | _19.39 | |
| 951 |
_p11136 _oBX955.2/K29o _j070613111037921 _d2000-12-21 _cREF |
||
| 999 |
_c5613 _d5613 |
||